| 000 | 00502cam a2200193ua 4500 | ||
|---|---|---|---|
| 020 | _a0 7131 81 680 | ||
| 041 |
_aeng _h |
||
| 082 |
_a028.735 _bHAR/DI |
||
| 100 | _aHartmann-Petersen, P . | ||
| 245 |
_aDictionary of science / _cP Hartmann-petersen. _hTextual Documents |
||
| 250 |
_a1 / _b. |
||
| 260 |
_aLondon : _bEdward Arnold Publications Ltd , _c1984. |
||
| 300 | _a332 ; . | ||
| 504 | _a | ||
| 700 | 1 | _aPigford, J N . | |
| 942 | _cBK | ||
| 999 |
_c10879 _d10879 |
||